| 000 | 00985nam a22002897a 4500 | ||
|---|---|---|---|
| 005 | 20110215101816.0 | ||
| 008 | 110215t xxu||||| |||| 00| 0 eng d | ||
| 010 | _aENG-101999 | ||
| 020 |
_a9780071070683 _c250.00 |
||
| 020 |
_a0071070680 _c250.00 |
||
| 035 | _aEN-85532 | ||
| 037 | _bDBAD/PUB | ||
| 040 |
_adpl _bEng |
||
| 082 | _a070.4014 | ||
| 100 |
_aZelizer, Barbie _925984 |
||
| 245 |
_aKeywords in news and journalism studies / _cby Barbie Zelizer [and] Stuart Allan |
||
| 260 |
_aNew Delhi _bTata McGraw Hill _c2010 |
||
| 270 |
_a7, West Patel Nagar _bNew Delhi _e110008 |
||
| 300 |
_avii,180p. _c23cm (pbk) |
||
| 500 | _aIncludes bibliographical references | ||
| 650 | _925980 | ||
| 650 | _925981 | ||
| 650 | _925982 | ||
| 700 |
_aAllan, Stuart _925983 |
||
| 942 |
_2ddc _cEN _h070.4014 _mZEL |
||
| 999 |
_c50550 _d50550 |
||